[Event "SLO-chT1 Ost"]
[Site "Maribor"]
[Date "2012.10.19"]
[Round "6"]
[White "Krivec, Sandi"]
[Black "Frangez, Simon"]
[Result "1/2-1/2"]
[WhiteElo "2143"]
[BlackElo "2134"]
[PlyCount "111"]
[EventDate "2012.10.11"]
[EventType "team-tourn"]
[EventRounds "9"]
[EventCountry "SLO"]
[SourceTitle "EXT 2022"]
[Source "ChessBase"]
[SourceDate "2021.10.06"]
[SourceVersion "1"]
[SourceVersionDate "2021.10.06"]
[SourceQuality "1"]

1. d4 e6 2. Nf3 Nf6 3. c4 Bb4+ 4. Nc3 b6 5. Bg5 h6 6. Bh4 g5 7. Bg3 Ne4 8. Qc2 Bb7 9. e3 Bxc3+ 10. bxc3 Nxg3 11. hxg3 d6 12. Bd3 g4 13. Nh4 Nd7 14. e4 Qg5 15. Qa4 Kd8 16. 0-0 Qd2 17. Qc2 Qxc2 18. Bxc2 Ke7 19. f4 gxf3 20. Rxf3 Rhg8 21. Raf1 Raf8 22. Kh2 Rg5 23. Rf4 Ba6 24. Bb3 Bb7 25. Ba4 c6 26. Kh3 Ba6 27. Bb3 b5 28. cxb5 Bxb5 29. R1f2 Rg7 30. d5 cxd5 31. exd5 Rfg8 32. g4 Ne5 33. dxe6 fxe6 34. Rf6 Bd7 35. Bd1 Rc8 36. Rxh6 Rxc3+ 37. g3 Rc1 38. Rd2 Bc6 39. Rh8 Nxg4 40. Bxg4 Rh1+ 41. Rh2 Rxh2+ 42. Kxh2 Rxg4 43. Rh7+ Kf6 44. Rxa7 Ra4 45. Rxa4 Bxa4 46. Kg2 e5 47. Kf2 d5 48. Ke3 d4+ 49. Kd3 Bb5+ 50. Ke4 Bc6+ 51. Kd3 Kg5 52. a3 Kf6 53. g4 Bd7 54. g5+ Kxg5 55. Nf3+ Kg4 56. Nxd4 1/2-1/2

[Event "SLO-chT1 Ost"]
[Site "Maribor"]
[Date "2012.10.14"]
[Round "5"]
[White "Doric, Darko"]
[Black "Frangez, Simon"]
[Result "1/2-1/2"]
[WhiteElo "2516"]
[BlackElo "2134"]
[PlyCount "93"]
[EventDate "2012.10.11"]
[EventType "team-tourn"]
[EventRounds "9"]
[EventCountry "SLO"]
[SourceTitle "EXT 2022"]
[Source "ChessBase"]
[SourceDate "2021.10.06"]
[SourceVersion "1"]
[SourceVersionDate "2021.10.06"]
[SourceQuality "1"]

1. d4 e6 2. c4 Nf6 3. Nc3 Bb4 4. Qc2 b6 5. a3 Bxc3+ 6. Qxc3 Ne4 7. Qc2 Bb7 8. Nh3 f5 9. f3 Nf6 10. e3 0-0 11. Be2 Qe8 12. 0-0 d6 13. b4 Nbd7 14. Bb2 c5 15. dxc5 dxc5 16. b5 Qe7 17. a4 a5 18. Rad1 Rfd8 19. Rd2 Nf8 20. Rfd1 Rxd2 21. Qxd2 N6d7 22. Qd3 Re8 23. Nf2 Ba8 24. Rd2 Qg5 25. Nh3 Qe7 26. Bd1 Qh4 27. Nf2 Qg5 28. Bc3 e5 29. Qe2 Re6 30. Nh3 Qh5 31. Qe1 Qg6 32. Be2 Rd6 33. Qd1 Rxd2 34. Qxd2 Bb7 35. Nf2 Qe6 36. h3 Ng6 37. Kh2 Kf7 38. Qc2 Ne7 39. Kg1 Qg6 40. Kf1 Qh6 41. Qd3 Qe6 42. Qd2 Nc8 43. Bb2 Nd6 44. Qc3 Ke7 45. Ke1 Nf7 46. Qc2 Qg6 47. Kf1 1/2-1/2

[Event "SLO-chT1 Ost"]
[Site "Maribor"]
[Date "2012.10.13"]
[Round "3"]
[White "Frangez, Simon"]
[Black "Drnovsek, Nejc"]
[Result "1/2-1/2"]
[WhiteElo "2134"]
[BlackElo "2107"]
[PlyCount "46"]
[EventDate "2012.10.11"]
[EventType "team-tourn"]
[EventRounds "9"]
[EventCountry "SLO"]
[SourceTitle "EXT 2022"]
[Source "ChessBase"]
[SourceDate "2021.10.06"]
[SourceVersion "1"]
[SourceVersionDate "2021.10.06"]
[SourceQuality "1"]

1. d4 d5 2. c4 c6 3. Nf3 Nf6 4. Nc3 dxc4 5. a4 Bf5 6. e3 e6 7. Bxc4 Bb4 8. 0-0 0-0 9. Qe2 Bg6 10. Ne5 Nbd7 11. Nxg6 hxg6 12. Rd1 Qa5 13. Qc2 Rad8 14. Na2 Bd6 15. Bd2 Qh5 16. h3 e5 17. Ba5 Rc8 18. Be2 Qg5 19. Bb4 Bxb4 20. Nxb4 exd4 21. exd4 a5 22. Nd3 Qf5 23. Rac1 b6 1/2-1/2

[Event "SLO-chT1 Ost"]
[Site "Maribor"]
[Date "2012.10.11"]
[Round "1"]
[White "Povse, Martin"]
[Black "Frangez, Simon"]
[Result "1-0"]
[WhiteElo "2092"]
[BlackElo "2134"]
[PlyCount "53"]
[EventDate "2012.10.11"]
[EventType "team-tourn"]
[EventRounds "9"]
[EventCountry "SLO"]
[SourceTitle "EXT 2022"]
[Source "ChessBase"]
[SourceDate "2021.10.06"]
[SourceVersion "1"]
[SourceVersionDate "2021.10.06"]
[SourceQuality "1"]

1. e4 e6 2. d4 d5 3. Nd2 Nf6 4. e5 Nfd7 5. f4 c5 6. c3 Nc6 7. Ndf3 cxd4 8. cxd4 Bb4+ 9. Kf2 Qb6 10. Kg3 f6 11. h3 Nf8 12. a3 Be7 13. b4 Bd7 14. Bd3 Rc8 15. Ne2 Nd8 16. Bd2 Bb5 17. Rc1 Rc6 18. Qb3 Nd7 19. Rhe1 Bxd3 20. Qxd3 f5 21. b5 Rxc1 22. Rxc1 Nf7 23. Rc8+ Bd8 24. Bb4 a6 25. bxa6 bxa6 26. Qc3 Nb8 27. Rxb8 1-0

[Event "SLO-chT1 Ost"]
[Site "Sentjur"]
[Date "2011.10.22"]
[Round "7"]
[White "Brinovec, Franc"]
[Black "Frangez, Simon"]
[Result "1/2-1/2"]
[WhiteElo "2088"]
[BlackElo "2175"]
[PlyCount "21"]
[EventDate "2011.10.13"]
[EventType "team-tourn"]
[EventRounds "9"]
[EventCountry "SLO"]
[SourceTitle "EXT 2022"]
[Source "ChessBase"]
[SourceDate "2021.10.06"]
[SourceVersion "1"]
[SourceVersionDate "2021.10.06"]
[SourceQuality "1"]
[WhiteTeam "Zalec"]
[BlackTeam "Hoce"]
[WhiteTeamCountry "SLO"]
[BlackTeamCountry "SLO"]

1. d4 Nf6 2. Nf3 e6 3. Bg5 d5 4. Nbd2 Be7 5. e3 b6 6. Ne5 Nfd7 7. Bf4 Nxe5 8. Bxe5 0-0 9. Bd3 Ba6 10. Nf3 Bxd3 11. Qxd3 1/2-1/2

[Event "SLO-chT1 Ost"]
[Site "Sentjur"]
[Date "2010.11.20"]
[Round "7"]
[White "Frangez, Simon"]
[Black "Tomazini, Zan"]
[Result "0-1"]
[WhiteElo "2181"]
[BlackElo "2231"]
[PlyCount "110"]
[EventDate "2010.11.04"]
[EventType "team-tourn"]
[EventRounds "9"]
[EventCountry "SLO"]
[SourceTitle "EXT 2022"]
[Source "ChessBase"]
[SourceDate "2021.10.06"]
[SourceVersion "1"]
[SourceVersionDate "2021.10.06"]
[SourceQuality "1"]
[WhiteTeam "Hoce"]
[BlackTeam "Slovenska Bistrica Impol"]
[WhiteTeamCountry "SLO"]
[BlackTeamCountry "SLO"]

1. d4 Nf6 2. c4 g6 3. Nc3 Bg7 4. e4 d6 5. Nf3 0-0 6. Be2 e5 7. d5 a5 8. Bg5 h6 9. Bh4 Na6 10. Nd2 Qe8 11. a3 Bd7 12. b3 Nh7 13. Rb1 h5 14. f3 Bh6 15. Bf2 Qe7 16. b4 axb4 17. axb4 h4 18. c5 dxc5 19. bxc5 Nxc5 20. Nc4 Na4 21. d6 Qg5 22. Nxa4 Bxa4 23. Qd5 Nf6 24. Qd3 Qxg2 25. Rg1 Qxh2 26. dxc7 Nh5 27. Nb6 Nf4 28. Qc4 Ng2+ 29. Rxg2 Qxg2 30. Nxa8 h3 31. Bf1 Qxf3 32. c8Q h2 33. Qxb7 h1Q 34. Qbd5 Qh2 35. Rb2 Be3 36. Qe2 Bxf2+ 37. Qxf2 Qc3+ 38. Qdd2 Qxf2+ 39. Kxf2 Qxd2+ 40. Rxd2 Rxa8 41. Rd5 Re8 42. Bd3 Kg7 43. Ra5 Bd7 44. Ra7 Be6 45. Ra5 f6 46. Ra7+ Kh6 47. Ra5 Kg5 48. Ke3 Rh8 49. Ra6 Rh3+ 50. Kd2 Bg4 51. Rd6 Rh2+ 52. Ke3 Rh3+ 53. Kf2 Rf3+ 54. Kg2 Rf4 55. Kg3 Bf3 0-1

[Event "SLO-chT1 Ost"]
[Site "Sentjur"]
[Date "2010.11.20"]
[Round "8"]
[White "Horvath, Tamas"]
[Black "Frangez, Simon"]
[Result "1-0"]
[WhiteElo "2414"]
[BlackElo "2181"]
[PlyCount "41"]
[EventDate "2010.11.04"]
[EventType "team-tourn"]
[EventRounds "9"]
[EventCountry "SLO"]
[SourceTitle "EXT 2022"]
[Source "ChessBase"]
[SourceDate "2021.10.06"]
[SourceVersion "1"]
[SourceVersionDate "2021.10.06"]
[SourceQuality "1"]
[WhiteTeam "Lendava Rokada"]
[BlackTeam "Hoce"]
[WhiteTeamCountry "SLO"]
[BlackTeamCountry "SLO"]

1. e4 e6 2. d4 d5 3. Nd2 Nf6 4. Bd3 c5 5. e5 Nfd7 6. c3 Nc6 7. Ndf3 cxd4 8. cxd4 f6 9. exf6 Nxf6 10. Nh3 Bd6 11. 0-0 Qc7 12. Re1 0-0 13. Nhg5 Re8 14. Nxh7 e5 15. dxe5 Nxe5 16. Nxe5 Rxe5 17. Rxe5 Bxe5 18. Nxf6+ Bxf6 19. Qh5 Be6 20. Bd2 Bxb2 21. Bh7+ 1-0

[Event "SLO-CupT"]
[Site "Slovenia"]
[Date "2010.05.23"]
[Round "2"]
[White "Gorsek, Gregor"]
[Black "Frangez, Simon"]
[Result "1/2-1/2"]
[WhiteElo "2064"]
[BlackElo "2181"]
[PlyCount "37"]
[EventDate "2010.05.09"]
[EventType "team-swiss"]
[EventRounds "5"]
[EventCountry "SLO"]
[SourceTitle "EXT 2024"]
[Source "ChessBase"]
[SourceDate "2023.10.10"]
[SourceVersion "1"]
[SourceVersionDate "2023.10.10"]
[SourceQuality "1"]
[WhiteTeam "Velenje Veplas"]
[BlackTeam "Hoce"]
[WhiteTeamCountry "SLO"]
[BlackTeamCountry "SLO"]

1. e4 e6 2. d4 d5 3. exd5 exd5 4. Nf3 Bd6 5. Bd3 Bg4 6. h3 Bh5 7. 0-0 Nc6 8. Re1+ Nge7 9. c3 Qd7 10. b4 a6 11. Nbd2 f6 12. Qc2 Kf7 13. Qb3 Rhe8 14. Be2 Kg8 15. Ne4 Bf7 16. Nxd6 Qxd6 17. Bd2 Ng6 18. Bf1 Nce7 19. Bd3 1/2-1/2

[Event "SLO-chT1 West"]
[Site "Sentjur"]
[Date "2009.11.07"]
[Round "8"]
[White "Povse, Martin"]
[Black "Frangez, Simon"]
[Result "1-0"]
[WhiteElo "2114"]
[BlackElo "2187"]
[PlyCount "123"]
[EventDate "2009.10.22"]
[EventType "team-tourn"]
[EventRounds "9"]
[EventCountry "SLO"]
[SourceTitle "EXT 2010"]
[Source "ChessBase"]
[SourceDate "2010.11.25"]
[SourceVersion "1"]
[SourceVersionDate "2010.11.25"]
[SourceQuality "1"]

1. e4 e6 2. d4 d5 3. Nd2 Nf6 4. e5 Nfd7 5. Bd3 c5 6. c3 Nc6 7. Ne2 cxd4 8. cxd4 f6 9. Nf4 Nxd4 10. Qh5+ Ke7 11. exf6+ Nxf6 12. Ng6+ hxg6 13. Qxh8 Kf7 14. 0-0 e5 15. Nb3 Nxb3 16. axb3 Bf5 17. Be2 Bc5 18. Qxd8 Rxd8 19. Be3 d4 20. Bc4+ Ke7 21. Bg5 Kd6 22. Rfd1 Rd7 23. Bxf6 gxf6 24. f3 g5 25. h3 Re7 26. Kf1 Bd7 27. Ra5 Bc6 28. Bd3 Rf7 29. Bf5 Bd5 30. Rd3 Rc7 31. Ra1 Bc6 32. Rdd1 Bd5 33. Rd3 Bc6 34. Ke1 Bb4+ 35. Kf2 a5 36. Rc1 Bc5 37. g3 Rg7 38. Be4 Bd7 39. h4 b6 40. g4 Bb5 41. h5 Bxd3 42. Bxd3 Ke7 43. h6 Rg8 44. h7 Rh8 45. Ke2 Kf7 46. b4 axb4 47. Ra1 Ke6 48. Bf5+ Kd5 49. Kd3 b5 50. Ra6 Bd6 51. Be4+ Ke6 52. Ra8 Bf8 53. Bf5+ Kd6 54. Ra7 b3 55. Rd7+ Kc5 56. Be6 Kc6 57. Ke4 Bd6 58. Bf5 Ba3 59. Rg7 Bxb2 60. Rg8 Bc3 61. Kd3 b2 62. Kc2 1-0

[Event "SLO-chT1 West"]
[Site "Sentjur"]
[Date "2009.10.22"]
[Round "1"]
[White "Frangez, Simon"]
[Black "Ivanec, Dezider"]
[Result "1/2-1/2"]
[WhiteElo "2187"]
[BlackElo "2175"]
[PlyCount "72"]
[EventDate "2009.10.22"]
[EventType "team-tourn"]
[EventRounds "9"]
[EventCountry "SLO"]
[SourceTitle "EXT 2010"]
[Source "ChessBase"]
[SourceDate "2010.11.25"]
[SourceVersion "1"]
[SourceVersionDate "2010.11.25"]
[SourceQuality "1"]

1. d4 Nf6 2. c4 e6 3. Nc3 Bb4 4. f3 d5 5. a3 Be7 6. e4 dxe4 7. fxe4 0-0 8. Nf3 c5 9. d5 exd5 10. cxd5 Bg4 11. Be2 Bd6 12. 0-0 Nbd7 13. Bg5 Bxf3 14. Rxf3 Bxh2+ 15. Kxh2 Ng4+ 16. Kg3 Qxg5 17. Rf5 Qe3+ 18. Kxg4 h5+ 19. Kh4 g6 20. Rf3 Qh6 21. Qc1 Qg7 22. Kh3 Ne5 23. Rf2 f5 24. Qg5 Nf7 25. Qd2 fxe4 26. Nxe4 Qe5 27. Bd3 c4 28. Bc2 Qxb2 29. Raf1 Qxa3+ 30. Kh2 Ne5 31. Qg5 Rxf2 32. Rxf2 Ng4+ 33. Kg1 Nxf2 34. Qxg6+ Kf8 35. Qf6+ Kg8 36. Qe6+ Kf8 1/2-1/2

[Event "SLO Cup"]
[Site "Otocec"]
[Date "2009.05.23"]
[Round "2"]
[White "Frangez, Simon"]
[Black "Bulatovic, Milorad"]
[Result "0-1"]
[WhiteElo "2204"]
[BlackElo "1975"]
[PlyCount "142"]
[EventDate "2009.05.22"]
[EventType "team-tourn"]
[EventRounds "5"]
[EventCountry "SLO"]
[SourceTitle "CBM 130 Extra"]
[Source "ChessBase"]
[SourceDate "2009.07.02"]
[SourceVersion "2"]
[SourceVersionDate "2009.07.15"]
[SourceQuality "1"]

1. d4 d5 2. c4 c6 3. Nf3 Nf6 4. Nc3 Bg4 5. Ne5 Bc8 6. Qb3 e6 7. Bg5 Be7 8. e3 0-0 9. Bd3 Nbd7 10. cxd5 exd5 11. Nf3 a5 12. 0-0 b5 13. Rac1 a4 14. Qc2 Bb7 15. Bf4 h6 16. Bf5 Nh5 17. Ne2 Nxf4 18. Nxf4 Bd6 19. Nd3 Ra6 20. Bxd7 Qxd7 21. Nc5 Bxc5 22. Qxc5 f6 23. Ne1 Raa8 24. Nd3 Rac8 25. Qb6 Ba8 26. Rc3 Rb8 27. Qa5 h5 28. Rfc1 h4 29. h3 g5 30. Nc5 Qc8 31. Na6 Qd8 32. Qxd8 Rbxd8 33. Nc7 Bb7 34. Ne6 Kf7 35. Nxf8 Rxf8 36. Ra3 Ke6 37. b3 axb3 38. axb3 Kd6 39. Ra7 Kc7 40. b4 Kb6 41. Ra3 f5 42. f3 Re8 43. Kf2 Rf8 44. Ke2 Rg8 45. Rh1 Re8 46. Kf2 Rh8 47. Re1 Rf8 48. Ra2 Rf7 49. Ke2 Rg7 50. Kd3 g4 51. hxg4 fxg4 52. e4 dxe4+ 53. fxe4 Bc8 54. Rf2 h3 55. Rf6 hxg2 56. Rf2 g3 57. Rxg2 Bh3 58. Rgg1 Be6 59. Ke3 g2 60. Kf2 Bh3 61. Re3 Rh7 62. Rg3 Rf7+ 63. Rf3 Rh7 64. Kg3 Rh6 65. Rf4 Be6 66. Kxg2 Bc4 67. Rh1 Re6 68. Re1 Rh6 69. Kg3 Re6 70. Kf3 Rg6 71. Ke3 Rg2 0-1

[Event "SLO-chT2 East"]
[Site "Brezice Maribor"]
[Date "2008.06.07"]
[Round "4"]
[White "Frangez, Simon"]
[Black "Krstic, Ljubisa"]
[Result "1-0"]
[WhiteElo "2204"]
[BlackElo "1957"]
[PlyCount "22"]
[EventDate "2008.10.24"]
[EventType "team-tourn"]
[EventRounds "9"]
[EventCountry "SLO"]
[SourceTitle "EXT 2010"]
[Source "ChessBase"]
[SourceDate "2010.11.25"]
[SourceVersion "1"]
[SourceVersionDate "2010.11.25"]
[SourceQuality "1"]

1. d4 f5 2. g3 g6 3. Bg2 Bg7 4. c4 Nf6 5. Nc3 d6 6. Nh3 c6 7. 0-0 Qc7 8. d5 e5 9. dxe6 Bxe6 10. Bf4 Bxc4 11. Bxd6 Qa5 1-0

[Event "SLO-chT East"]
[Site "Slovenia"]
[Date "2005.10.30"]
[Round "9.2"]
[White "Brinovec, Dusan"]
[Black "Frangez, Simon"]
[Result "0-1"]
[WhiteElo "2266"]
[BlackElo "2202"]
[PlyCount "165"]
[EventDate "2005.10.19"]
[EventType "team"]
[EventRounds "9"]
[EventCountry "SLO"]
[SourceTitle "EXT 2009"]
[Source "ChessBase"]
[SourceDate "2008.11.26"]
[SourceVersion "1"]
[SourceVersionDate "2008.11.26"]
[SourceQuality "1"]

1. d4 e6 2. g3 Nf6 3. Bg2 d5 4. Nf3 Be7 5. 0-0 0-0 6. c4 c6 7. Nc3 Nbd7 8. Ne5 Nxe5 9. dxe5 Nd7 10. cxd5 cxd5 11. f4 b6 12. h3 Ba6 13. Be3 Rc8 14. Rc1 Rc4 15. Kh2 b5 16. b3 Rc7 17. a4 bxa4 18. Nxa4 Rxc1 19. Qxc1 Bxe2 20. Rf2 Bb5 21. Nc3 Qb8 22. Nxb5 Qxb5 23. Bxa7 Bc5 24. Bxc5 Nxc5 25. f5 Nd3 26. Qf1 Qb6 27. Re2 Qb8 28. Re3 Nxe5 29. Qe1 f6 30. fxe6 d4 31. Re4 Qd6 32. Qa1 Qxe6 33. Qxd4 Qxb3 34. Rxe5 fxe5 35. Qxe5 Qb8 36. Qe3 Re8 37. Qf2 Qd6 38. h4 Kh8 39. Qf3 Qf8 40. Qc6 Re2 41. Qd5 Qb8 42. Qf3 Rb2 43. Kh3 Qc8+ 44. Kh2 Rc2 45. Qe4 h6 46. Qf3 Rc5 47. Qe4 Qd8 48. Qg6 Re5 49. Qc2 Qe8 50. Qf2 Qe7 51. Qf3 g5 52. h5 Kg7 53. Qd3 Qf7 54. Qd1 Qf5 55. Bf3 Re7 56. Bg4 Qf2+ 57. Kh3 Qe1 58. Qd4+ Qe5 59. Qd3 Kh8 60. Qg6 Qg7 61. Qd6 Qf8 62. Qd4+ Kg8 63. Qd5+ Qf7 64. Qd1 Kg7 65. Qd4+ Qf6 66. Qd1 Rf7 67. Be2 Qf5+ 68. Kg2 Rd7 69. Qb3 Qd5+ 70. Qxd5 Rxd5 71. Kf3 Re5 72. Bd3 Kf6 73. g4 Ke7 74. Be4 Kd6 75. Ke3 Kc5 76. Kd3 Re7 77. Bf3 Rf7 78. Be4 Rf4 79. Bf5 Kd5 80. Bd7 Ke5 81. Ke3 Rb4 82. Bf5 Rb3+ 83. Bd3 0-1

[Event "SLO-chT East"]
[Site "Slovenia"]
[Date "2005.10.29"]
[Round "7.2"]
[White "Frangez, Simon"]
[Black "Hulak, Krunoslav"]
[Result "0-1"]
[WhiteElo "2202"]
[BlackElo "2534"]
[PlyCount "60"]
[EventDate "2005.10.19"]
[EventType "team"]
[EventRounds "9"]
[EventCountry "SLO"]
[SourceTitle "EXT 2009"]
[Source "ChessBase"]
[SourceDate "2008.11.26"]
[SourceVersion "1"]
[SourceVersionDate "2008.11.26"]
[SourceQuality "1"]

1. d4 Nf6 2. c4 e6 3. Nc3 Bb4 4. f3 c5 5. d5 Nh5 6. g3 f5 7. e4 0-0 8. e5 d6 9. f4 g6 10. Nf3 Nd7 11. dxe6 Nb6 12. Qxd6 Qxd6 13. exd6 Bxe6 14. Ne5 Rfd8 15. Bd2 Rxd6 16. 0-0-0 Rad8 17. Be2 Nf6 18. Kc2 Na4 19. Bd3 Bxc3 20. bxc3 Ng4 21. Nxg4 fxg4 22. f5 Bxf5 23. Bxf5 gxf5 24. Rhf1 Nb6 25. Be3 Rxd1 26. Rxd1 Rxd1 27. Kxd1 Nd7 28. Bf4 Kf7 29. Ke2 Ke6 30. Bc7 a6 0-1

[Event "SLO-chT East"]
[Site "Slovenia"]
[Date "2005.10.21"]
[Round "2.1"]
[White "Frangez, Simon"]
[Black "Horvath, Tamas"]
[Result "0-1"]
[WhiteElo "2202"]
[BlackElo "2435"]
[PlyCount "74"]
[EventDate "2005.10.19"]
[EventType "team"]
[EventRounds "9"]
[EventCountry "SLO"]
[SourceTitle "EXT 2009"]
[Source "ChessBase"]
[SourceDate "2008.11.26"]
[SourceVersion "1"]
[SourceVersionDate "2008.11.26"]
[SourceQuality "1"]

1. d4 Nf6 2. c4 e6 3. Nc3 Bb4 4. f3 c5 5. d5 b5 6. e4 bxc4 7. Bxc4 Nxd5 8. Bxd5 exd5 9. Qxd5 Nc6 10. Nge2 Ba6 11. Kf2 0-0 12. a3 Bxc3 13. Nxc3 Nd4 14. Be3 Qh4+ 15. g3 Qf6 16. e5 Qg6 17. Rac1 Rab8 18. b4 Bb7 19. Qxc5 Qh5 20. Qxd4 Qxf3+ 21. Ke1 Qxh1+ 22. Bg1 Rfe8 23. Kd2 Qg2+ 24. Qf2 Qc6 25. Qc5 Qh6+ 26. Kc2 Rbc8 27. Qd4 Qg5 28. Be3 Qf5+ 29. Kb2 Rxe5 30. Bf4 Re6 31. Qxa7 Bc6 32. h4 Qd3 33. Qf2 Ra8 34. Qf1 Qd4 35. Qg1 Re2+ 36. Kb3 Bd5+ 37. Nxd5 Rb2# 0-1

[Event "SLO-chT Cup"]
[Site "Gostovanja"]
[Date "2004.04.18"]
[Round "1"]
[White "Halik, Tomo"]
[Black "Frangez, Simon"]
[Result "1-0"]
[WhiteElo "2147"]
[BlackElo "2195"]
[PlyCount "59"]
[EventDate "2004.04.18"]
[EventType "team"]
[EventRounds "4"]
[EventCountry "SLO"]
[SourceTitle "EXT 2008"]
[Source "ChessBase"]
[SourceDate "2007.11.25"]
[SourceVersion "1"]
[SourceVersionDate "2007.11.25"]
[SourceQuality "1"]

1. Nf3 Nf6 2. c4 e6 3. g3 d5 4. Bg2 Be7 5. 0-0 0-0 6. b3 c6 7. Bb2 b5 8. d3 Nbd7 9. Nbd2 bxc4 10. bxc4 Rb8 11. Qc2 Ba6 12. Rab1 Nb6 13. Ne5 Rc8 14. Rfc1 Nfd7 15. Nxd7 Qxd7 16. c5 Na8 17. Nf3 f6 18. Bh3 Bb5 19. Nd4 Nc7 20. e4 Rfe8 21. a4 Ba6 22. exd5 cxd5 23. Ba3 Bf8 24. c6 Qf7 25. Bxf8 Qxf8 26. Nb5 Bxb5 27. axb5 Na8 28. Re1 Qd6 29. Ra1 Re7 30. Rxa7 1-0

[Event "Ljubljana op 14th"]
[Site "Ljubljana"]
[Date "2003.06.22"]
[Round "3"]
[White "Guidarelli, Laurent"]
[Black "Frangez, Simon"]
[Result "1-0"]
[WhiteElo "2388"]
[BlackElo "2140"]
[PlyCount "57"]
[EventDate "2003.06.21"]
[EventType "swiss"]
[EventRounds "9"]
[EventCountry "SLO"]
[SourceTitle "EXT 2004"]
[Source "ChessBase"]
[SourceDate "2003.11.25"]
[SourceVersion "1"]
[SourceVersionDate "2003.11.25"]
[SourceQuality "1"]

1. e4 e6 2. d4 d5 3. Nc3 Bb4 4. Nge2 dxe4 5. a3 Bxc3+ 6. Nxc3 Nc6 7. Bb5 Nge7 8. Bg5 f6 9. Be3 0-0 10. Qd2 a6 11. Bxc6 Nxc6 12. Nxe4 e5 13. d5 Ne7 14. c4 b6 15. f3 Nf5 16. Bf2 Nd6 17. Nxd6 Qxd6 18. 0-0 Bb7 19. Rfd1 Rfd8 20. Qe3 Qd7 21. Rac1 Qa4 22. Rd3 Rab8 23. f4 exf4 24. Qxf4 Qd7 25. Rg3 Qd6 26. Qg4 Rd7 27. Re1 Rf7 28. Bd4 Bc8 29. Re8+ 1-0

[Event "SLO-chT U18 fin"]
[Site "Kranj"]
[Date "1999.??.??"]
[Round "?"]
[White "Frangez, Simon"]
[Black "Kavcic, Uros"]
[Result "0-1"]
[WhiteElo "2084"]
[BlackElo "2236"]
[PlyCount "96"]
[EventDate "1999.??.??"]
[EventType "team"]
[EventRounds "7"]
[EventCountry "SLO"]
[SourceTitle "EXT 2002"]
[Source "ChessBase"]
[SourceDate "2001.11.25"]
[SourceVersion "1"]
[SourceVersionDate "2001.11.25"]
[SourceQuality "1"]

1. d4 f5 2. g3 Nf6 3. Bg2 d6 4. d5 g6 5. Nh3 Bg7 6. Nf4 0-0 7. 0-0 c6 8. c4 Qe8 9. Nc3 g5 10. Nd3 Qg6 11. Qb3 c5 12. Qc2 Nbd7 13. f4 g4 14. Nf2 Nb6 15. Qd3 h5 16. e4 fxe4 17. Ncxe4 Bf5 18. Nxf6+ Bxf6 19. Qe2 Rae8 20. Ne4 Bd4+ 21. Kh1 Nxc4 22. Rd1 Nb6 23. Ng5 h4 24. Be3 hxg3 25. hxg3 Bf6 26. Ne6 Rf7 27. Kg1 Rh7 28. a4 Kf7 29. a5 Nd7 30. Qb5 Be4 31. Qxd7 Bxg2 32. Ng5+ Bxg5 33. fxg5 Bf3 34. Kf1 Bxd1 35. Rxd1 Rh1+ 36. Bg1 Qe4 37. Qe6+ Qxe6 38. dxe6+ Kxe6 39. Kg2 Rh5 40. Rd3 Rxg5 41. Rb3 Rb8 42. Kf1 b5 43. Be3 Rf5+ 44. Bf4 Kd7 45. Ke2 e5 46. Be3 Rf3 47. Rd3 Kc6 48. Rd2 Rh8 0-1

[Event "SLO-ch U20"]
[Site "Kranj"]
[Date "1999.??.??"]
[Round "?"]
[White "Frangez, Simon"]
[Black "Praznik, Niko"]
[Result "1-0"]
[WhiteElo "2084"]
[BlackElo "2229"]
[PlyCount "125"]
[EventDate "1999.??.??"]
[EventType "swiss"]
[EventRounds "9"]
[EventCountry "SLO"]
[SourceTitle "EXT 2000"]
[Source "ChessBase"]
[SourceDate "1999.11.16"]
[SourceVersion "1"]
[SourceVersionDate "1999.11.16"]
[SourceQuality "1"]

1. d4 e6 2. c4 b6 3. Nc3 Bb7 4. Nf3 f5 5. e3 Nf6 6. Bd3 Bb4 7. a3 Bxc3+ 8. bxc3 0-0 9. 0-0 Qe8 10. Nd2 d6 11. Re1 Ne4 12. Qc2 Qg6 13. Bf1 Nd7 14. Bb2 Ndf6 15. Re2 f4 16. f3 Ng3 17. Qxg6 Nxe2+ 18. Bxe2 hxg6 19. exf4 Rfe8 20. Bd3 Kf7 21. Ne4 Nxe4 22. fxe4 Rh8 23. Bc1 Rh5 24. Ra2 Ra5 25. Kf2 Ra4 26. Bc2 Ra5 27. Bd2 Rh8 28. h3 Bc6 29. Bd3 Bb7 30. Bc2 Ba6 31. Bb3 Rah5 32. Ra1 Ke7 33. Bd1 R5h7 34. Be2 Rf8 35. Ke3 Kd7 36. Bd3 Rh5 37. Be2 Ra5 38. Be1 g5 39. fxg5 Rxg5 40. g4 Rg6 41. h4 Rh6 42. g5 Rhh8 43. h5 c6 44. Bg3 Rh7 45. Rh1 Rhh8 46. Bf4 Rf7 47. g6 Re7 48. Bg5 Ree8 49. h6 gxh6 50. Bf6 Rhf8 51. e5 d5 52. g7 Rg8 53. Rxh6 Bxc4 54. Bh5 Re7 55. Bxe7 Kxe7 56. Rg6 Ba6 57. Rg3 Bc4 58. Kf4 Bb3 59. Rg6 Bc2 60. Kg5 c5 61. Kh6 cxd4 62. cxd4 b5 63. Rf6 1-0

[Event "SLO-ch U20"]
[Site "Kranj"]
[Date "1999.??.??"]
[Round "?"]
[White "Kavcic, Uros"]
[Black "Frangez, Simon"]
[Result "1-0"]
[WhiteElo "2236"]
[BlackElo "2084"]
[PlyCount "41"]
[EventDate "1999.??.??"]
[EventType "swiss"]
[EventRounds "9"]
[EventCountry "SLO"]
[SourceTitle "EXT 2000"]
[Source "ChessBase"]
[SourceDate "1999.11.16"]
[SourceVersion "1"]
[SourceVersionDate "1999.11.16"]
[SourceQuality "1"]

1. f4 Nf6 2. Nf3 g6 3. b3 Bg7 4. Bb2 d5 5. e3 c5 6. Be2 Nc6 7. 0-0 0-0 8. Qe1 Qc7 9. Na3 a6 10. c4 dxc4 11. Nxc4 Nd7 12. Bxg7 Kxg7 13. d3 Rd8 14. Rc1 b6 15. Qh4 Nf6 16. Nfe5 Bb7 17. g4 h5 18. gxh5 Nxh5 19. Qg5 Rh8 20. Rf2 Rh6 21. Nxf7 1-0